Menschen auf der Flucht
| Contributors: | |
|---|---|
| Format: | Print Book |
| Language: | German |
| Published: |
Opladen
Leske + Budrich
1999
|
| In: | Year: 1999 |
| Online Access: |
Cover Table of Contents |
| Availability in Tübingen: | Present in Tübingen. IFK: B VI 313 UB: 39 A 12504 |
| Check availability: | HBZ Gateway |
| Subito Delivery Service: | Order now. |
| Volumes / Articles: | Show volumes/articles. |
| Keywords: |
MARC
| LEADER | 00000cam a2200000 c 4500 | ||
|---|---|---|---|
| 001 | 271677392 | ||
| 003 | DE-627 | ||
| 005 | 20251222212058.0 | ||
| 007 | tu | ||
| 008 | 990716s1999 gw ||||| 00| ||ger c | ||
| 015 | |a 99,N31,0167 |2 dnb | ||
| 015 | |a 99,A44,0228 |2 dnb | ||
| 016 | 7 | |a 956849113 |2 DE-101 | |
| 020 | |a 3810023906 | ||
| 035 | |a (DE-627)271677392 | ||
| 035 | |a (DE-576)078970539 | ||
| 035 | |a (DE-599)DNB956849113 | ||
| 035 | |a (OCoLC)237363059 | ||
| 035 | |a (OCoLC)45440049 | ||
| 035 | |a (AT-OBV)AC02595779 | ||
| 035 | |a (DE-615)00593602 | ||
| 035 | |a (DE-H357)his18794 | ||
| 040 | |a DE-627 |b ger |c DE-627 |e rakwb | ||
| 041 | |a ger | ||
| 044 | |c XA-DE | ||
| 082 | 0 | |a 305.9/0691 | |
| 082 | 0 | 4 | |a 14 |
| 084 | |a S 668 |2 sfb | ||
| 084 | |a SOP 1970 |2 sfb | ||
| 084 | |a SOP 1985 |2 sfb | ||
| 084 | |a 14 |2 sdnb | ||
| 084 | |a RQ |2 fivr | ||
| 084 | |a SG02.04 |2 fivs | ||
| 084 | |a 1 |2 ssgn | ||
| 084 | |a MS 3600 |2 rvk |0 (DE-625)rvk/123685: | ||
| 084 | |a 89.94 |2 bkl | ||
| 084 | |a 71.62 |2 bkl | ||
| 245 | 0 | 0 | |a Menschen auf der Flucht |c Franz-Josef Hutter ... (Hrsg.) |
| 264 | 1 | |a Opladen |b Leske + Budrich |c 1999 | |
| 300 | |a 299 S. |c 21 cm | ||
| 336 | |a Text |b txt |2 rdacontent | ||
| 337 | |a ohne Hilfsmittel zu benutzen |b n |2 rdamedia | ||
| 338 | |a Band |b nc |2 rdacarrier | ||
| 500 | |a Literaturangaben | ||
| 505 | 8 | |a Opitz, P. J.: Das Jahrhundert der Flüchtlinge. - S. 43-55. Heintze, H. J.: Kriege, Flucht, Vertreibung. - S. 59-67. Eid, U.: Armut, Hunger, Überbevölkerung. - S. 69-86. Biermann, F.: Stirbt die Natur, flieht der Mensch. - S. 87-95. Maier-Borst, M.: Menschenrechtsverletzungen als Fluchtursache. - S. 97-112. Neudeck, R.: Boat und Land people. - S. 115-129. Ferdowsi, M. A.: Flucht und Migration im Nahen und Mittleren Osten. - S. 131-139. Tetzlaff, R.: Fluchtbewegungen in Schwarzafrika. - S. 141-156. Riedmann, A.: Flucht und Vertreibung in Lateinamerika. - S. 157-168. Schwarz, T.: Flucht und Migration auf dem Gebiet der ehemaligen Sowjetunion. - S. 169-184. Rathfelder, E.: Das Jahr der Rückkehr nach Bosnien-Herzegowina. - S. 185-194. Mährlein, C.: Flüchtlings- und Asylpolitik der Europäischen Union. - S. 197-202. Esser, H.: Ist das Konzept der Integration gescheitert? - S. 203-213. Kauffmann, H.: Menschenrechte, Asyl und Abschiebungshaft in Deutschland. - S. 215-231. Meyer, F.: Lernen aus der Geschichte | |
| 583 | 1 | |a Archivierung/Langzeitarchivierung gewährleistet |f SSG |x XA-DE-BW |2 pdager |5 DE-21 | |
| 650 | 4 | |a Migration | |
| 650 | 4 | |a Flucht | |
| 650 | 4 | |a Flucht |x Flüchtlinge |x Ursache |x Geographische Herkunft |x Entwicklungsperspektive und -tendenz |x Europäische Union |x Deutschland |x Recht auf Asyl | |
| 655 | 7 | |a Aufsatzsammlung |0 (DE-588)4143413-4 |0 (DE-627)105605727 |0 (DE-576)209726091 |2 gnd-content | |
| 689 | 0 | 0 | |d s |0 (DE-588)4017598-4 |0 (DE-627)10632912X |0 (DE-576)208920641 |a Flucht |2 gnd |
| 689 | 0 | 1 | |d s |0 (DE-588)4139770-8 |0 (DE-627)105632910 |0 (DE-576)209697180 |a Soziale Probleme |2 gnd |
| 689 | 0 | |5 DE-101 | |
| 689 | 1 | 0 | |d s |0 (DE-588)4154680-5 |0 (DE-627)105521558 |0 (DE-576)209813199 |a Flüchtlingspolitik |2 gnd |
| 689 | 1 | |5 DE-101 | |
| 700 | 1 | |a Hutter, Franz-Josef |d 1963- |e Hrsg. |0 (DE-588)120377799 |0 (DE-627)080636594 |0 (DE-576)176641505 |4 edt | |
| 856 | 4 | 2 | |u https://swbplus.bsz-bw.de/bsz078970539cov.jpg |m V:DE-576 |m X:springer |q image/jpeg |v 20140131132739 |3 Cover |7 1 |
| 856 | 4 | 2 | |u https://swbplus.bsz-bw.de/bsz078970539inh.htm |m V:DE-576 |v 2008-09-09 |3 Inhaltsverzeichnis |7 1 |
| 935 | |a mteo | ||
| 935 | |i Blocktest | ||
| 936 | r | v | |a MS 3600 |b Emigranten, Immigranten, Geflüchtete |k Soziologie |k Spezielle Soziologien |k Soziologie der Minoritäten und Randgruppen |k Emigranten, Immigranten, Geflüchtete |0 (DE-627)1270927078 |0 (DE-625)rvk/123685: |0 (DE-576)200927078 |
| 936 | b | k | |a 89.94 |j Internationale Beziehungen: Sonstiges |0 (DE-627)10641366X |
| 936 | b | k | |a 71.62 |j Ethnische Beziehungen |0 (DE-627)106410423 |
| 936 | f | i | |0 (DE-627)1756134707 |a RQ |b Weltweit |k Weltweit |2 fivr |
| 936 | f | i | |0 (DE-627)1756135959 |a SG02.04 |b Migration |k Gesellschaft |k Gesellschaftsentwicklung/Gesellschaftsstruktur |k Migration |2 fivs |
| 938 | 1 | 0 | |0 (DE-627)1756177562 |0 (DE-615)6608842 |a Flucht |2 fivt |
| 938 | 1 | 0 | |0 (DE-627)1756235066 |0 (DE-615)6604845 |a Flüchtlinge |2 fivt |
| 938 | 1 | 0 | |0 (DE-627)1756183236 |0 (DE-615)6605983 |a Ursache |2 fivt |
| 938 | 1 | 0 | |0 (DE-627)1756154406 |0 (DE-615)6606485 |a Geographische Herkunft |2 fivt |
| 938 | 1 | 0 | |0 (DE-627)1756180512 |0 (DE-615)6608343 |a Entwicklungsperspektive und -tendenz |2 fivt |
| 938 | 1 | 0 | |0 (DE-627)132918269 |0 (DE-588)5098525-5 |a Europäische Union |2 gnd |2 fivt |
| 938 | 1 | 0 | |0 (DE-627)175614625X |0 (DE-615)6603417 |a Deutschland |2 fivt |
| 938 | 1 | 0 | |0 (DE-627)1756227357 |0 (DE-615)6606319 |a Recht auf Asyl |2 fivt |
| 938 | 1 | 1 | |0 (DE-627)1756244618 |0 (DE-615)6610437 |a Südostasien |2 fiva |
| 938 | 1 | 1 | |0 (DE-627)1756194904 |0 (DE-615)6602728 |a Naher und Mittlerer Osten und Nordafrika |2 fiva |
| 938 | 1 | 1 | |0 (DE-627)1756243832 |0 (DE-615)6610470 |a Afrika südlich der Sahara |2 fiva |
| 938 | 1 | 1 | |0 (DE-627)1756243255 |0 (DE-615)6610292 |a Lateinamerika |2 fiva |
| 938 | 1 | 1 | |0 (DE-627)1756238405 |0 (DE-615)6604900 |a Nachfolgestaaten der Sowjetunion |2 fiva |
| 938 | 1 | 1 | |0 (DE-627)1756138176 |0 (DE-615)6603727 |a Bosnien-Herzegowina |2 fiva |
| 938 | 1 | 1 | |0 (DE-627)1756162646 |0 (DE-615)6602106 |a Krieg |2 fiva |
| 938 | 1 | 1 | |0 (DE-627)1756240728 |0 (DE-615)6604756 |a Vertreibung |2 fiva |
| 938 | 1 | 1 | |0 (DE-627)175623485X |0 (DE-615)6605126 |a Armut |2 fiva |
| 938 | 1 | 1 | |0 (DE-627)1756181306 |0 (DE-615)6608650 |a Überbevölkerung |2 fiva |
| 938 | 1 | 1 | |0 (DE-627)1756137927 |0 (DE-615)6604005 |a Umweltschädigung |2 fiva |
| 938 | 1 | 1 | |0 (DE-627)1756198020 |0 (DE-615)6601261 |a Menschenrechtsverletzung |2 fiva |
| 951 | |a BO | ||
| ELC | |b 1 | ||
| LOK | |0 000 xxxxxcx a22 zn 4500 | ||
| LOK | |0 001 3107475556 | ||
| LOK | |0 003 DE-627 | ||
| LOK | |0 004 271677392 | ||
| LOK | |0 005 20020416000000 | ||
| LOK | |0 008 991229||||||||||||||||ger||||||| | ||
| LOK | |0 040 |a DE-21 |c DE-627 |d DE-21 | ||
| LOK | |0 852 |a DE-21 | ||
| LOK | |0 852 1 |c 39 A 12504 |9 00 | ||
| LOK | |0 938 |l 40 |8 2 | ||
| LOK | |0 939 |a 29-12-99 |b l01 | ||
| LOK | |0 000 xxxxxcx a22 zn 4500 | ||
| LOK | |0 001 3107475629 | ||
| LOK | |0 003 DE-627 | ||
| LOK | |0 004 271677392 | ||
| LOK | |0 005 20100408181101 | ||
| LOK | |0 008 991105||||||||||||||||ger||||||| | ||
| LOK | |0 040 |a DE-21-35 |c DE-627 |d DE-21-35 | ||
| LOK | |0 541 |e 99/1697 | ||
| LOK | |0 852 |a DE-21-35 | ||
| LOK | |0 852 1 |c Ms 2.166 |m p |9 00 | ||
| LOK | |0 938 |k p | ||
| LOK | |0 938 |l K9 |8 0 | ||
| LOK | |0 939 |a 05-11-99 |b l01 | ||
| LOK | |0 000 xxxxxcx a22 zn 4500 | ||
| LOK | |0 001 3107475645 | ||
| LOK | |0 003 DE-627 | ||
| LOK | |0 004 271677392 | ||
| LOK | |0 005 20020411000000 | ||
| LOK | |0 008 000202||||||||||||||||ger||||||| | ||
| LOK | |0 040 |a DE-21-110 |c DE-627 |d DE-21-110 | ||
| LOK | |0 852 |a DE-21-110 | ||
| LOK | |0 852 1 |c B VI 313 |m p |9 00 | ||
| LOK | |0 935 |a k110 | ||
| LOK | |0 936ln |a 11.2.1 | ||
| LOK | |0 938 |k p | ||
| LOK | |0 939 |a 02-02-00 |b l01 | ||
| LOK | |0 000 xxxxxcx a22 zn 4500 | ||
| LOK | |0 001 3107476536 | ||
| LOK | |0 003 DE-627 | ||
| LOK | |0 004 271677392 | ||
| LOK | |0 005 19990907000000 | ||
| LOK | |0 008 990907||||||||||||||||ger||||||| | ||
| LOK | |0 040 |a DE-Frei85 |c DE-627 |d DE-Frei85 | ||
| LOK | |0 852 |a DE-Frei85 | ||
| LOK | |0 852 1 |m p |9 00 | ||
| LOK | |0 938 |k p | ||
| LOK | |0 939 |a 07-09-99 |b l01 | ||
| ORI | |a WA-MARC-krimdokb001.raw | ||
| SIG | |a IFK: B VI 313 | ||
| SIG | |a UB: 39 A 12504 | ||
| SPR | |a 1 |t KRI | ||
